Introduction to metamathematics /
Guardado en:
| Autor Principal: | |
|---|---|
| Formato: | Libro |
| Idioma: | English |
| Publicado: |
Amsterdam :
North-Holland,
1952.
|
| Series: | Bibliotheca mathematica, a series of monographs on pure and applied mathematics ;
v. 1 |
| Etiquetas: |
Agregar Etiqueta
Sin Etiquetas, Sea el primero en etiquetar este registro!
|
| LEADER | 00596nam a22001695a 4500 | ||
|---|---|---|---|
| 001 | MAT.inmabb000451 | ||
| 008 | 031210s1952####ne############001#0#eng#d | ||
| 005 | 20130312153444.0 | ||
| 245 | 1 | 0 | |a Introduction to metamathematics / |c by Stephen Cole Kleene. |
| 260 | |a Amsterdam : |b North-Holland, |c 1952. | ||
| 300 | |a x, 550 p. ; |c cm. | ||
| 440 | 0 | |a Bibliotheca mathematica, a series of monographs on pure and applied mathematics ; |v v. 1 | |
| 510 | 4 | |a MR, |c 14,525m | |
| 100 | 1 | |a Kleene, Stephen Cole, |d 1909-1994. | |
| 084 | |a 03-01 (03Bxx) |2 msc2000 | ||
| 010 | |a 53001848 | ||
| 859 | |h 03 |i K63i |p A-199 |b BIB. MATEMATICA | ||
